MARC details
| 000 -CABECERA |
| campo de control de longitud fija |
01524nam a22003617a 4500 |
| 003 - IDENTIFICADOR DEL NÚMERO DE CONTROL |
| campo de control |
DO-SdBNP |
| 005 - FECHA Y HORA DE LA ÚLTIMA TRANSACCIÓN |
| campo de control |
20250902112519.0 |
| 007 - CAMPO FIJO DE DESCRIPCIÓN FÍSICA--INFORMACIÓN GENERAL |
| campo de control de longitud fija |
ta |
| 008 - DATOS DE LONGITUD FIJA--INFORMACIÓN GENERAL |
| campo de control de longitud fija |
110504s2021 dr ao 000 0 spa d |
| 020 ## - NÚMERO INTERNACIONAL ESTÁNDAR DEL LIBRO |
| Número Internacional Estándar del Libro |
9789945929614 |
| 040 ## - FUENTE DE LA CATALOGACIÓN |
| Centro catalogador/agencia de origen |
DO-SdBNP |
| Lengua de catalogación |
spa |
| Centro/agencia transcriptor |
BNPHU |
| Normas de descripción |
rda |
| 082 #4 - NÚMERO DE LA CLASIFICACIÓN DECIMAL DEWEY |
| Número de clasificación |
306.097293 |
| Número de documento/Ítem |
C397a 2020 |
| Número de edición |
22 |
| 110 2# - ENTRADA PRINCIPAL--NOMBRE DE ENTIDAD CORPORATIVA |
| Nombre de entidad corporativa o nombre de jurisdicción como elemento de entrada |
Centro Cultural Eduardo León Jimenes |
| 9 (RLIN) |
56909 |
| 245 10 - MENCIÓN DE TÍTULO |
| Título |
Anuario 2020 : |
| Resto del título |
La cultura sigue siendo esperanza / |
| Mención de responsabilidad, etc. |
Daniela Cruz Gil ; traducción Julia Scribe-Loyer, Ismérie Pajot ; fotografías Daniel Collado, Alexandra Guzmán, Annette González |
| 264 #1 - PRODUCCIÓN, PUBLICACIÓN, DISTRIBUCIÓN, FABRICACIÓN Y COPYRIGHT |
| Producción, publicación, distribución, fabricación y copyright |
Santiago de los Caballeros, República Dominicana : |
| Nombre del de productor, editor, distribuidor, fabricante |
Centro León, |
| Fecha de producción, publicación, distribución, fabricación o copyright |
2021. |
| 300 ## - DESCRIPCIÓN FÍSICA |
| Extensión |
151 páginas |
| Otras características físicas |
ilustraciones, fotografías, |
| Dimensiones |
32 cm. |
| 336 ## - TIPO DE CONTENIDO |
| Fuente |
rdacontent |
| Término de tipo de contenido |
texto |
| Código de tipo de contenido |
txt |
| 337 ## - TIPO DE MEDIO |
| Fuente |
rdamedia |
| Nombre/término del tipo de medio |
sin mediación |
| Código del tipo de medio |
n |
| 338 ## - TIPO DE SOPORTE |
| Fuente |
rdacarrier |
| Nombre/término del tipo de soporte |
volumen |
| Código del tipo de soporte |
nc |
| 590 ## - NOTA LOCAL (RLIN) |
| Nota local |
Inventariado, 2023/ YL |
| 610 20 - PUNTO DE ACCESO ADICIONAL DE MATERIA--NOMBRE DE ENTIDAD CORPORATIVA |
| Nombre de entidad corporativa o nombre de jurisdicción como elemento de entrada |
Centro Cultural Eduardo León Jimenes |
| 9 (RLIN) |
56909 |
| 650 #7 - PUNTO DE ACCESO ADICIONAL DE MATERIA--TÉRMINO DE MATERIA |
| Término de materia o nombre geográfico como elemento de entrada |
Arte |
| 9 (RLIN) |
81690 |
| Subdivisión de forma |
Exposiciones |
| Fuente del encabezamiento o término |
LEMB |
| 650 #7 - PUNTO DE ACCESO ADICIONAL DE MATERIA--TÉRMINO DE MATERIA |
| Término de materia o nombre geográfico como elemento de entrada |
Cultura |
| Subdivisión geográfica |
República Dominicana |
| 9 (RLIN) |
1983 |
| Subdivisión cronológica |
2020 |
| Fuente del encabezamiento o término |
LEMB |
| 650 #4 - PUNTO DE ACCESO ADICIONAL DE MATERIA--TÉRMINO DE MATERIA |
| Término de materia o nombre geográfico como elemento de entrada |
Centros culturales |
| Subdivisión geográfica |
República Dominicana |
| 9 (RLIN) |
81691 |
| Fuente del encabezamiento o término |
LEMB |
| 700 1# - PUNTO DE ACCESO ADICIONAL--NOMBRE DE PERSONA |
| Nombre de persona |
Cruz Gil, Daniela |
| Término indicativo de función/relación |
redacción |
| 9 (RLIN) |
81699 |
| 700 1# - PUNTO DE ACCESO ADICIONAL--NOMBRE DE PERSONA |
| Nombre de persona |
Scrive-Loyer, Julia |
| Término indicativo de función/relación |
traducción |
| 9 (RLIN) |
81700 |
| 700 1# - PUNTO DE ACCESO ADICIONAL--NOMBRE DE PERSONA |
| Nombre de persona |
Pajot, Ismerie |
| Término indicativo de función/relación |
traducción |
| 9 (RLIN) |
17679 |
| 700 1# - PUNTO DE ACCESO ADICIONAL--NOMBRE DE PERSONA |
| Nombre de persona |
Collado, Daniel |
| Término indicativo de función/relación |
fotografía |
| 9 (RLIN) |
76983 |
| 700 1# - PUNTO DE ACCESO ADICIONAL--NOMBRE DE PERSONA |
| Nombre de persona |
Guzmán, Alexandra |
| Término indicativo de función/relación |
fotografía |
| 9 (RLIN) |
81701 |
| 700 1# - PUNTO DE ACCESO ADICIONAL--NOMBRE DE PERSONA |
| Nombre de persona |
González, Annette |
| Término indicativo de función/relación |
fotografía |
| 9 (RLIN) |
84572 |
| 910 ## - DATOS DE OPCIÓN DEL USUARIO (OCLC) |
| Datos de opción del usuario |
YLockward/Validado. Control de calidad MFF |
| 942 ## - ELEMENTOS DE PUNTO DE ACCESO ADICIONAL (KOHA) |
| Fuente del sistema de clasificación o colocación |
Dewey Decimal Classification |
| Tipo de ítem Koha |
Libro |